| 000 | 00478nam a2200133 a 4500 | ||
|---|---|---|---|
| 008 | 120416s9999 ||||||||||||||||| || u | ||
| 050 | _aTHESIS | ||
| 100 | _aMwanza, Peter Tackson | ||
| 245 | 1 | 0 | _aPerformance evaluation of the sewage treatment process |
| 246 | _aa case of Nkana Water and Sewerage Company | ||
| 260 | _a2002 | ||
| 350 | _a0.00 | ||
| 995 |
_D0.00 _FCBU-MAIN LIBRARY (Kitwe) _H1 _I0.00 _UAVAILABLE _ZUniversity Collection |
||
| 999 |
_c53346 _d53346 |
||